Quan họ nguồn gốc và phát triển

Sinh hoạt Quan họ trong đời sống của nhân Hà Bắc. Đia sâu vào phong tục và quan niệm, Về mấy giai điệu trong dân ca quan họ...

সংরক্ষণ করুন:
গ্রন্থ-পঞ্জীর বিবরন
প্রধান লেখক: Đặng Văn Lung (Tác giả)
অন্যান্য লেখক: Hồng Thao Trần Linh Quý (Tác giả)
বিন্যাস: গ্রন্থ
ভাষা:Vietnamese
প্রকাশিত: H. Khoa học xã hội 1978
বিষয়গুলি:
ট্যাগগুলো: ট্যাগ যুক্ত করুন
কোনো ট্যাগ নেই, প্রথমজন হিসাবে ট্যাগ করুন!
Thư viện lưu trữ: Mạng thư viện Đại học Đà Nẵng
LEADER 01336nam a2200361 4500
001 000009478
003 5675
005 20111028141007.0
008 111028s1978 viesd
020 |c 2.3đ 
041 0 |a vie 
082 |a 398.089597  |b ĐĂ-L 
100 0 |a Đặng Văn Lung  |e Tác giả 
245 0 |a Quan họ nguồn gốc và phát triển  |c Đặng Văn Lung, Hồng Thao, Trần Linh Quý 
260 |a H.  |b Khoa học xã hội  |c 1978 
300 |a 527tr  |c 19 cm 
504 |a Mục lục tr525 
520 |a Sinh hoạt Quan họ trong đời sống của nhân Hà Bắc. Đia sâu vào phong tục và quan niệm, Về mấy giai điệu trong dân ca quan họ... 
653 |a Quan họ 
653 |a Nguồn gốc 
653 |a Phát triển 
700 |a Hồng Thao  |a Trần Linh Quý  |e Tác giả 
910 |a Thương  |d 28/10 
OWN |a LSP 
AVA |a UDN50  |b LSP  |d 398.089597 ĐĂ-L  |e unavailable  |t Error 5002 Not defined in file expand_doc_bib_avail.  |f 4  |g 4  |h N  |i 0  |k 1 
999 |a From the UDN01 
AVA |a UDN50  |b LSP  |d 398.089597 ĐĂ-L  |e unavailable  |t Error 5002 Not defined in file expand_doc_bib_avail.  |f 4  |g 4  |h N  |i 0  |k 1 
TYP |a Monograph 
TYP |a Printed language 
980 |a Mạng thư viện Đại học Đà Nẵng